[Event "WSTCC-65 2020"]
[Site "Prague"]
[Date "2020.03.07"]
[Round "2.45"]
[White "Huss, Andreas"]
[Black "Stebbings, Anthony J"]
[Result "1/2-1/2"]
[WhiteElo "2253"]
[BlackElo "2313"]
[Annotator "RC"]
[PlyCount "35"]
[EventDate "2020.03.06"]
[EventType "team-tourn"]
[EventCountry "CZE"]
[SourceTitle "playchess.com"]
[Source "ChessBase"]
[SourceQuality "1"]
[TimeControl "40/5400+30:1800+30"]

1. d4 {[%emt 0:00:00]} Nf6 {[%emt 0:00:00]} 2. Nf3 {[%emt 0:00:00]} e6 {[%emt 0:00:00]} 3. c4 {[%emt 0:00:00]} Bb4+ {[%emt 0:00:00]} 4. Nbd2 {[%emt 0:00:08]} a5 {[%emt 0:00:00]} 5. e3 {[%emt 0:00:53]} O-O {[%emt 0:02:42]} 6. Bd3 {[%emt 0:00:27]} d5 {[%emt 0:01:03]} 7. O-O {[%emt 0:00:43]} b6 {[%emt 0:02:01]} 8. Qc2 {[%emt 0:02:31]} Bb7 {[%emt 0:03:33]} 9. a3 {[%emt 0:04:09]} Be7 {[%emt 0:06:32]} 10. e4 {[%emt 0:03:47]} dxe4 {[%emt 0:00:40]} 11. Nxe4 {[%emt 0:00:10]} Nbd7 {[%emt 0:00:47]} 12. Rd1 {[%emt 0:07:21]} Nxe4 13. Bxe4 {[%emt 0:00:29]} Bxe4 {[%emt 0:18:09]} 14. Qxe4 {[%emt 0:00:11]} Nf6 {[%emt 0:05:48]} 15. Qe2 {[%emt 0:05:23]} Qc8 {[%emt 0:08:16]} 16. Bf4 {[%emt 0:01:10]} Re8 {[%emt 0:01:18]} 17. Qc2 {[%emt 0:13:40]} Qb7 {[%emt 0:00:45]} 18. Be5 {[%emt 0:10:30]} 1/2-1/2

[Event "WSTCC-65 2020"]
[Site "Prague"]
[Date "2020.03.07"]
[Round "2.46"]
[White "Page, Mark E"]
[Black "Hohler, Peter"]
[Result "1/2-1/2"]
[WhiteElo "2135"]
[BlackElo "2057"]
[Annotator "ChessBase"]
[PlyCount "115"]
[EventDate "2020.03.06"]
[EventType "team-tourn"]
[EventCountry "CZE"]
[SourceTitle "playchess.com"]
[Source "ChessBase"]
[SourceQuality "1"]
[TimeControl "40/5400+30:1800+30"]

1. e4 {[%emt 0:00:00]} e5 {[%emt 0:00:00]} 2. Nf3 {[%emt 0:00:00]} Nc6 {[%emt 0:00:00]} 3. Bb5 {[%emt 0:00:00]} a6 {[%emt 0:00:03]} 4. Ba4 {[%emt 0:00:00]} Nf6 {[%emt 0:00:17]} 5. d4 {[%emt 0:00:33]} exd4 {[%emt 0:00:26]} 6. O-O {[%emt 0:00:10]} Be7 {[%emt 0:00:38]} 7. Re1 {[%emt 0:01:09]} b5 {[%emt 0:01:53]} 8. Bb3 {[%emt 0:00:41]} d6 {[%emt 0:01:34]} 9. Bd5 {[%emt 0:01:01]} Bb7 {[%emt 0:02:19]} 10. Bxc6+ {[%emt 0:08:22]} Bxc6 {[%emt 0:00:03]} 11. Nxd4 {[%emt 0:00:06]} Bd7 {[%emt 0:12:50]} 12. Nc3 {[%emt 0:03:18]} O-O {[%emt 0:00:29]} 13. Nf5 {[%emt 0:05:02]} Bxf5 {[%emt 0:02:00]} 14. exf5 {[%emt 0:00:16]} d5 {[%emt 0:01:14]} 15. Bg5 {[%emt 0:08:48]} c6 {[%emt 0:10:08]} 16. a4 {[%emt 0:06:42]} b4 {[%emt 0:03:56]} 17. Ne2 {[%emt 0:02:16]} Re8 {[%emt 0:07:28]} 18. Ng3 {[%emt 0:11:07]} h6 {[%emt 0:07:04]} 19. Bh4 {[%emt 0:03:32]} Ne4 {[%emt 0:19:43]} 20. Bxe7 {[%emt 0:05:06]} Rxe7 {[%emt 0:00:02]} 21. Nxe4 {[%emt 0:02:10]} Rxe4 {[%emt 0:00:22]} 22. Rxe4 {[%emt 0:19:54]} dxe4 {[%emt 0:00:02]} 23. Qg4 {[%emt 0:00:27]} Qe7 {[%emt 0:10:44]} 24. h3 {[%emt 0:08:03]} Re8 {[%emt 0:05:13]} 25. Re1 {[%emt 0:02:10]} c5 {[%emt 0:04:47]} 26. Qf4 {[%emt 0:01:30]} Qf6 {[%emt 0:01:20]} 27. b3 {[%emt 0:00:37]} Qd4 {[%emt 0:01:48]} 28. Kh2 {[%emt 0:03:28]} Kf8 {[%emt 0:02:19]} 29. Re3 {[%emt 0:00:59]} Qd5 {[%emt 0:01:04]} 30. g4 {[%emt 0:01:53]} f6 {[%emt 0:01:01]} 31. Re2 {[%emt 0:01:36]} Qb7 {[%emt 0:02:26]} 32. Qd6+ {[%emt 0:02:16]} Qe7 {[%emt 0:00:51]} 33. Qxe7+ {[%emt 0:00:42]} Rxe7 {[%emt 0:00:01]} 34. Kg3 {[%emt 0:00:09]} Kf7 {[%emt 0:01:05]} 35. Kf4 {[%emt 0:00:23]} Rd7 {[%emt 0:00:18]} 36. Kxe4 {[%emt 0:01:03]} Re7+ {[%emt 0:00:24]} 37. Kd3 {[%emt 0:00:11]} Rxe2 {[%emt 0:00:08]} 38. Kxe2 {[%emt 0:00:01]} Ke7 {[%emt 0:00:05]} 39. Ke3 {[%emt 0:02:00]} Kd6 {[%emt 0:00:08]} 40. Ke4 {[%emt 0:00:00]} Kc6 {[%emt 0:00:00]} 41. f4 {[%emt 0:01:27]} Kd6 {[%emt 0:01:03]} 42. Kd3 {[%emt 0:05:01]} Kd5 {[%emt 0:05:55]} 43. c3 {[%emt 0:03:40]} bxc3 {[%emt 0:04:13]} 44. Kxc3 {[%emt 0:00:11]} Kd6 {[%emt 0:02:47]} 45. Kc4 {[%emt 0:16:34]} Kc6 {[%emt 0:00:08]} 46. b4 {[%emt 0:04:20]} cxb4 {[%emt 0:00:07]} 47. Kxb4 {[%emt 0:00:04]} Kb6 {[%emt 0:00:26]} 48. h4 {[%emt 0:01:24]} Kc6 {[%emt 0:00:47]} 49. Kc4 {[%emt 0:01:04]} Kd6 {[%emt 0:00:05]} 50. Kb4 {[%emt 0:00:16]} Kc6 {[%emt 0:00:02]} 51. Ka5 {[%emt 0:00:41]} Kb7 {[%emt 0:00:02]} 52. g5 {[%emt 0:01:12]} h5 {[%emt 0:03:13]} 53. Kb4 {[%emt 0:00:19]} Kb6 {[%emt 0:01:02]} 54. Ka3 {[%emt 0:01:50]} Kc5 {[%emt 0:01:46]} 55. Kb3 {[%emt 0:00:09]} a5 {[%emt 0:03:58]} 56. Kc3 {[%emt 0:00:12]} Kd5 {[%emt 0:00:01]} 57. Kd3 {[%emt 0:00:41]} Kc5 {[%emt 0:00:01]} 58. Kc3 1/2-1/2

[Event "WSTCC-65 2020"]
[Site "Prague"]
[Date "2020.03.07"]
[Round "2.47"]
[White "Kradolfer, Georg"]
[Black "Stokes, Michael"]
[Result "1-0"]
[WhiteElo "1991"]
[BlackElo "2100"]
[Annotator "TA"]
[PlyCount "65"]
[EventDate "2020.03.06"]
[EventType "team-tourn"]
[EventCountry "CZE"]
[SourceTitle "playchess.com"]
[Source "ChessBase"]
[SourceQuality "1"]

{[%evp 14,65,0,0,23,19,37,48,43,19,30,40,81,77,130,125,119,118,109,80,83,19,79,-7,67,57,47,47,215,126,195,183,187,179,183,184,185,175,369,260,700,700,838,849,849,849,810,816,755,729,29995,29996,29996,29997]} 1. c4 c5 2. Nf3 Nf6 3. Nc3 d5 4. cxd5 Nxd5 5. g3 Nc6 6. Bg2 Nc7 7. O-O e5 8. a3 Be6 {A34: Symmetrical English: 2 Nc3, lines with ...d5.} 9. b4 f6 10. bxc5 Bxc5 {White is slightly better.} 11. Rb1 Rb8 12. Qa4 {[#]} Bb6 $146 ({Predecessor:} 12... O-O 13. Rxb7 Nd4 14. Nxd4 Bxd4 15. e3 Rxb7 16. Bxb7 Bb6 17. f4 exf4 18. Rxf4 Kh8 {1-0 (54) Korpa,B (2417)-Seres,L (2408) Budapest 2014}) 13. d4 $1 Bd7 {[#]} (13... Bf5 $142) 14. dxe5 $1 $16 Nxe5 15. Qc2 O-O 16. Rd1 Qe8 17. Bf4 (17. a4 $16 {Hoping for a5!} Ne6 18. Qa2) 17... Rc8 (17... Kh8 $11 {keeps the balance.}) 18. Nd4 (18. Bxe5 $16 fxe5 19. Ng5 (19. Rxb6 axb6 20. Ng5 Bf5 $15) 19... Bxf2+ 20. Kh1) 18... Qh5 (18... Ne6 $11 19. Qb3 Kh8 20. Nxe6 Bxe6) 19. h4 $36 {[%mdl 2048] White is pushing.} Kh8 20. Bxb7 Bxd4 $2 (20... Rcd8 $14) 21. Rxd4 (21. Bxc8 $18 Bxf2+ 22. Kxf2 Bxc8 23. Ne4) 21... Ne6 (21... Bf5 $16 {was worth a try.} 22. Qd1 Rce8) 22. Bxe5 $18 Qxe5 23. Rxd7 Rxc3 24. Qd2 Rxa3 25. Bf3 Qf5 $2 (25... Ra1 {is a better defense.} 26. Rxa1 Qxa1+ 27. Kg2 Qe5) 26. Rd1 Qa5 $2 (26... Qe5 27. Qd6 Rc3) 27. Qd6 Qa6 28. Qe7 {Rd8! would kill now.} Ra1 29. Rxa1 Qxa1+ 30. Kg2 Qe5 31. Bd5 Qxe2 32. Bxe6 {[%cal Re7f8]} Qe4+ {[#]} 33. Kh2 $1 {Accuracy: White = 73%, Black = 39%.} 1-0

[Event "WSTCC-65 2020"]
[Site "Prague"]
[Date "2020.03.07"]
[Round "2.48"]
[White "Habershon, Paul F"]
[Black "Staechelin, Ruedi"]
[Result "1/2-1/2"]
[WhiteElo "1988"]
[BlackElo "1994"]
[Annotator "TA"]
[PlyCount "73"]
[EventDate "2020.03.06"]
[EventType "team-tourn"]
[EventCountry "CZE"]
[SourceTitle "playchess.com"]
[Source "ChessBase"]
[SourceQuality "1"]

{[%evp 16,73,0,0,17,8,27,31,43,26,33,32,36,10,8,9,27,6,33,20,26,21,54,42,54,47,83,65,87,83,94,94,98,94,95,69,85,76,85,79,67,67,86,73,82,35,37,35,48,35,45,56,60,35,72,35,35,35,35,35]} 1. e4 e5 2. Nf3 Nc6 3. d4 exd4 4. Nxd4 g6 5. Be2 Bg7 6. Be3 d6 7. O-O Nf6 8. Nc3 O-O 9. Qd2 Re8 {C41: Philidor Defence.} 10. f3 a6 11. Rad1 Bd7 {[#]} 12. Nb3 $146 ({Predecessor:} 12. a4 Ne5 13. h3 Rb8 14. f4 Nc6 15. Bf3 Nxd4 16. Bxd4 Bc6 17. e5 dxe5 18. Bxe5 Bxf3 19. Rxf3 Qxd2 20. Rxd2 {½-½ (38) Bivol,A (2375)-Gritsayeva,O (2373) Sochi 2017}) 12... Qe7 13. Bg5 Qf8 14. Qf4 Nh5 15. Qh4 $36 {[%mdl 2048] aiming for Nd5. White is more active.} h6 16. Be3 Nf6 17. Bxh6 Bxh6 18. Qxf6 Bg7 19. Qh4 Bxc3 20. bxc3 Be6 21. a4 Bd7 22. Nc5 Qe7 23. Qxe7 Rxe7 24. Nxd7 Rxd7 25. Rb1 b6 26. Rfd1 Re7 27. Bc4 {[#] Bd5 is the strong threat.} Ne5 28. Bd5 Rd8 29. Bb7 a5 30. Ba6 Nd7 31. Bb5 Nc5 32. Rd5 Rf8 33. Kf2 Kg7 34. Re1 f6 35. Bc6 Rh8 36. h3 Ne6 37. Rd2 {Accuracy: White = 80%, Black = 81%.} 1/2-1/2

[Event "WSTCC-65 2020"]
[Site "Prague"]
[Date "2020.03.08"]
[Round "3.1"]
[White "Ackermann, Hans Werner"]
[Black "Birnboim, Nathan"]
[Result "0-1"]
[WhiteElo "2242"]
[BlackElo "2369"]
[Annotator "RC"]
[PlyCount "118"]
[EventDate "2020.03.06"]
[EventType "team-tourn"]
[EventCountry "CZE"]
[SourceTitle "playchess.com"]
[Source "ChessBase"]
[SourceQuality "1"]
[TimeControl "40/5400+30:1800+30"]

1. Nf3 {[%emt 0:00:00]} g6 {[%emt 0:00:00]} 2. e4 {[%emt 0:01:12]} Bg7 {[%emt 0:00:21]} 3. d4 {[%emt 0:00:33]} d6 {[%emt 0:00:59]} 4. Nc3 {[%emt 0:06:51]} Nf6 {[%emt 0:00:04]} 5. Be3 {[%emt 0:02:28]} O-O {[%emt 0:00:28]} 6. Qd2 {[%emt 0:04:11]} Bg4 {[%emt 0:21:52]} 7. Be2 {[%emt 0:07:36]} e5 {[%emt 0:04:08]} 8. dxe5 {[%emt 0:25:57]} dxe5 {[%emt 0:00:06]} 9. Qxd8 {[%emt 0:14:11]} Rxd8 {[%emt 0:00:05]} 10. Bg5 {[%emt 0:01:18]} Nbd7 {[%emt 0:02:54]} 11. Nd2 {[%emt 0:05:46]} Bxe2 {[%emt 0:05:18]} 12. Nxe2 {[%emt 0:04:11]} Nc5 {[%emt 0:01:29]} 13. f3 {[%emt 0:00:19]} Ne6 {[%emt 0:00:52]} 14. Be3 {[%emt 0:01:52]} Nd7 {[%emt 0:02:35]} 15. Nb3 {[%emt 0:04:14]} Bf8 {[%emt 0:24:33]} 16. O-O-O {[%emt 0:02:35]} Nb6 {[%emt 0:02:20]} 17. Bxb6 {[%emt 0:03:35]} axb6 {[%emt 0:00:43]} 18. Rxd8 {[%emt 0:00:43]} Rxd8 {[%emt 0:00:13]} 19. c3 {[%emt 0:00:13]} h5 {[%emt 0:04:22]} 20. Kc2 Bh6 21. Rd1 {[%emt 0:05:28]} Rxd1 {[%emt 0:00:36]} 22. Kxd1 {[%emt 0:00:18]} h4 {[%emt 0:00:34]} 23. h3 {[%emt 0:00:29]} f5 {[%emt 0:00:51]} 24. Kc2 {[%emt 0:01:28]} Kf7 {[%emt 0:00:39]} 25. Kd3 {[%emt 0:01:16]} Ke7 {[%emt 0:01:15]} 26. a4 {[%emt 0:02:08]} Kd6 {[%emt 0:00:25]} 27. Kc4 {[%emt 0:00:32]} c6 {[%emt 0:03:20]} 28. Kd3 {[%emt 0:01:17]} Ke7 {[%emt 0:00:31]} 29. Kc4 {[%emt 0:00:29]} Kf6 {[%emt 0:00:15]} 30. Kd3 {[%emt 0:01:01]} Bf8 {[%emt 0:00:33]} 31. Ke3 {[%emt 0:00:35]} Bc5+ {[%emt 0:01:02]} 32. Kd3 {[%emt 0:00:08]} Bf2 {[%emt 0:00:16]} 33. exf5 {[%emt 0:01:25]} gxf5 {[%emt 0:00:29]} 34. a5 {[%emt 0:00:10]} Kg5 {[%emt 0:00:59]} 35. axb6 {[%emt 0:00:24]} Bxb6 {[%emt 0:00:09]} 36. Nd2 {[%emt 0:00:07]} Nf4+ {[%emt 0:02:14]} 37. Nxf4 {[%emt 0:00:14]} Kxf4 {[%emt 0:00:04]} 38. Nf1 {[%emt 0:00:31]} e4+ {[%emt 0:02:37]} 39. fxe4 {[%emt 0:00:11]} fxe4+ {[%emt 0:00:08]} 40. Ke2 {[%emt 0:00:16]} Bd8 {[%emt 0:00:33]} 41. Kf2 {[%emt 0:00:25]} b5 {[%emt 0:01:17]} 42. Ke2 {[%emt 0:00:17]} Bg5 {[%emt 0:01:19]} 43. b3 {[%emt 0:04:01]} Bf6 {[%emt 0:01:23]} 44. Kd2 {[%emt 0:01:58]} Bd8 {[%emt 0:01:31]} 45. Kc2 {[%emt 0:00:20]} Ke5 {[%emt 0:00:54]} 46. Kd1 {[%emt 0:02:23]} Bg5 {[%emt 0:00:22]} 47. g3 {[%emt 0:02:01]} hxg3 {[%emt 0:04:46]} 48. Nxg3 {[%emt 0:00:04]} Kf4 {[%emt 0:00:12]} 49. Ne2+ {[%emt 0:00:05]} Kf3 {[%emt 0:00:09]} 50. Nd4+ {[%emt 0:11:52]} Kf2 {[%emt 0:00:06]} 51. c4 {[%emt 0:00:15]} Bf6 {[%emt 0:06:10]} 52. Ne6 {[%emt 0:07:51]} b4 {[%emt 0:02:49]} 53. Nc5 {[%emt 0:02:42]} Ke3 {[%emt 0:01:00]} 54. Kc2 {[%emt 0:02:23]} Kf3 {[%emt 0:01:33]} 55. Kd1 {[%emt 0:02:41]} e3 {[%emt 0:01:13]} 56. Nd3 {[%emt 0:00:13]} e2+ {[%emt 0:00:44]} 57. Kc2 {[%emt 0:00:06]} Bc3 {[%emt 0:00:16]} 58. h4 {[%emt 0:00:30]} Kg4 {[%emt 0:00:59]} 59. h5 {[%emt 0:00:54]} Kg5 {[%emt 0:00:37]} 0-1

[Event "WSTCC-65 2020"]
[Site "Prague"]
[Date "2020.03.08"]
[Round "3.2"]
[White "Maryasin, Boris"]
[Black "Baum, Bernd"]
[Result "1/2-1/2"]
[WhiteElo "2305"]
[BlackElo "2249"]
[Annotator "TA"]
[PlyCount "141"]
[EventDate "2020.03.06"]
[EventType "team-tourn"]
[EventCountry "CZE"]
[SourceTitle "playchess.com"]
[Source "ChessBase"]
[SourceQuality "1"]

{[%evp 9,141,11,32,20,24,0,6,-4,-12,-10,0,-12,0,-14,-3,0,0,-9,-16,0,0,-19,-14,0,0,-7,-3,-35,81,70,62,-19,-11,-20,-20,-20,-14,-27,-26,-28,-25,-78,-6,-113,-116,-108,-33,-22,-31,-250,-176,-184,-189,-177,-123,-251,-238,-399,-305,-376,-348,-318,-30,-35,-37,-37,-37,-41,-41,-26,-40,-37,-25,-57,-38,-31,0,0,0,0,0,0,0,0,0,0,0,0,0,0,0,0,0,0,0,0,0,0,0,0,0,0,0,0,0,0,0,0,0,0,0,0,0,0,0,0,0,0,0,0,0,0,0,0,0,0,0,0,0,0,0,0,0,0]} 1. e4 c5 2. Nf3 Nc6 3. Bb5 Qb6 4. Na3 Nf6 5. Qe2 {[#]} e6 $146 ({Predecessor:} 5... a6 6. Ba4 e6 7. c3 Be7 8. O-O O-O 9. e5 Nd5 10. Bc2 f5 11. Nc4 Qc7 {1-0 (23) Stewart,E-Vella,B (2215) Groningen 1984}) 6. O-O {B30: Sicilian: 2...Nc6 3 Bb5, lines without ...g6.} Be7 7. c3 O-O 8. Rd1 a6 9. Ba4 Qc7 10. d4 b5 11. Bc2 cxd4 12. cxd4 Bb7 13. Bg5 Nb4 14. Bb1 Rac8 15. Qd2 d5 16. Bxf6 gxf6 17. e5 $1 {[%cal Re5f6] Hoping for exf6.} f5 18. Qh6 Qd8 {[#]} (18... f6 $15 {keeps the upper hand.}) 19. g4 $1 $16 {[%cal Rg4f5][%mdl 512]} Rc6 $1 (19... fxg4 20. Qxh7#) 20. Qh5 ({White should try} 20. h4 $14) 20... Bc8 $11 ({Don't play} 20... Kh8 $6 21. gxf5 exf5 22. Bxf5 $16) 21. Kh1 Kh8 22. gxf5 exf5 23. Bxf5 Bxf5 24. Qxf5 Qc8 25. Qh5 (25. Qxc8 $1 $11 {keeps the balance.} Rcxc8 26. Rd2) 25... Qe6 (25... Rg6 $17) 26. Rg1 (26. Rd2 $11) 26... Nd3 $17 27. Raf1 Nxb2 (27... b4 $17 28. Nb1 Nf4) 28. Nb1 $15 Nd3 $36 {[%mdl 2048] Black fights for an advantage.} 29. Nbd2 $2 (29. Ne1 $1 $15 Nf4 30. Qf3) 29... Nf4 30. Qg4 Qxg4 31. Rxg4 Nd3 (31... Ne6 $19 32. Ra1 Rc2) 32. Kg2 (32. Ne1 $17 {was worth a try.} Nb4 33. Ng2) 32... Rc2 $19 33. Nb1 $2 (33. Nb3) 33... Rfc8 34. Ne1 Nxe1+ 35. Rxe1 Rc1 $2 ({Not} 35... Rxa2 36. Rf4 $19) (35... b4 $19 36. Rf4 Rf8) 36. Rxc1 $11 Rxc1 {[%mdl 4096] Endgame KRB-KRN} 37. Nd2 Rc2 38. Nf1 $1 Rxa2 {Threatens to win with ...b4.} 39. Ne3 h5 40. Rg3 Bd8 41. Rf3 $1 {[%cal Rf3f7]} Kg8 42. Nxd5 Rd2 (42... Ra4 $5 {[%cal Ra4d4]}) 43. Nf6+ $1 {The position is equal.} Bxf6 44. Rxf6 Rxd4 {White must now prevent ...a5.} 45. Rxa6 {KR-KR} Re4 46. Ra8+ Kg7 47. Re8 Kg6 48. Kf3 Kf5 49. Re7 Rxe5 50. Rxf7+ Ke6 51. Rb7 Kd6 52. Kf4 Rc5 53. Ke4 Kc6 54. Rb8 Kc7 55. Rg8 b4 56. Kd4 Rf5 (56... Rc2 {looks sharper.} 57. Rg7+ Kb6 58. Rg8 h4 59. Rb8+ Ka5) 57. Kc4 Rf4+ 58. Kb3 Kd6 59. h3 Ke6 60. Rh8 h4 61. Rh5 Kf6 62. Rh8 Rd4 63. Rf8+ Ke5 64. Re8+ Kf4 {[#] And now ...Kf3 would win.} 65. Rf8+ Ke4 66. f4 Kf3 (66... Rd3+ $2 67. Kxb4 Rxh3 68. Rh8 $19) 67. f5 Rf4 68. f6 Kg3 69. f7 Kxh3 70. Ka4 Kh2 71. Rh8 {White happily takes the draw. Accuracy: White = 77%, Black = 83%.} 1/2-1/2

[Event "WSTCC-65 2020"]
[Site "Prague"]
[Date "2020.03.08"]
[Round "3.3"]
[White "Kierzek, Matthias"]
[Black "Shevelev, Arkady"]
[Result "1/2-1/2"]
[WhiteElo "2217"]
[BlackElo "2278"]
[Annotator "TA"]
[PlyCount "52"]
[EventDate "2020.03.06"]
[EventType "team-tourn"]
[EventCountry "CZE"]
[SourceTitle "playchess.com"]
[Source "ChessBase"]
[SourceQuality "1"]

{[%evp 16,52,38,26,46,29,27,41,25,37,55,41,60,53,67,71,64,72,75,76,87,88,81,78,59,41,47,38,47,48,44,54,52,53,66,4,90,108,245]} 1. d4 Nf6 2. c4 c5 3. d5 b5 4. cxb5 Qa5+ 5. Nc3 a6 6. e3 axb5 7. Bxb5 Bb7 8. Bd2 Qb6 9. Nf3 Nxd5 {A57: Benko/Volga Gambit.} 10. a4 e6 11. O-O Be7 {White is slightly better.} 12. e4 Nxc3 13. Bxc3 O-O 14. Ne5 d6 15. Nc4 Qc7 16. Qg4 {[%csl Gc3][%cal Rg4g7]} g6 17. Rae1 Nc6 18. f4 $1 Nd4 {[#]} 19. f5 $1 {[%cal Rf5f6]} Bf6 {[#]} 20. Qg3 $146 ({Predecessor:} 20. fxg6 fxg6 21. e5 dxe5 22. Bxd4 exd4 23. Qxe6+ Kg7 24. Nb6 Rad8 25. Nd7 Rxd7 26. Bxd7 {½-½ (47) Rydholm,L (2504)-Verhoef,H (2443) ICCF email 2016}) 20... e5 21. Ne3 Qd8 {White must now prevent ...Bh4.} 22. fxg6 fxg6 23. Ng4 Bg7 24. Rxf8+ Qxf8 25. Bxd4 (25. Bc4+ $1 $14 Kh8 26. a5) 25... exd4 {[#]} (25... cxd4 $11 26. b4 Kh8) 26. e5 $1 $16 {[%cal Re5d6]} d5 {Accuracy: White = 92%, Black = 77%.} (26... d3 $16) 1/2-1/2

[Event "WSTCC-65 2020"]
[Site "Prague"]
[Date "2020.03.08"]
[Round "3.4"]
[White "Lederman, Leon"]
[Black "Herbrechtsmeier, Christof"]
[Result "1/2-1/2"]
[WhiteElo "2234"]
[BlackElo "2177"]
[Annotator "TA"]
[PlyCount "55"]
[EventDate "2020.03.06"]
[EventType "team-tourn"]
[EventCountry "CZE"]
[SourceTitle "playchess.com"]
[Source "ChessBase"]
[SourceQuality "1"]

{[%evp 22,55,26,44,30,0,0,0,0,0,0,0,0,-35,0,-36,-36,-30,-34,-74,-77,-52,-37,-24,-40,-38,-41,-76,-68,-69,-37,-30,0,-75,0,-29]} 1. e4 e5 2. Nf3 Nc6 3. Bb5 a6 4. Ba4 Nf6 5. O-O Be7 6. Re1 b5 7. Bb3 d6 8. c3 O-O 9. d4 Bg4 10. Be3 d5 11. exd5 exd4 12. Bxd4 Nxd4 {C91: Closed Ruy Lopez: 7...d6 8 c3 0-0 9 d4.} 13. Qxd4 Bxf3 $1 14. gxf3 {[#]} Qd7 $146 ({Predecessor:} 14... Bd6 15. Nd2 Qd7 16. Ne4 Nxe4 17. Rxe4 Rae8 18. Kg2 Rxe4 19. Qxe4 Re8 20. Qg4 Qe7 {½-½ (57) Xu,Y (2536)-Dai,C (2433) Xingtai 2018}) 15. Nd2 Rfe8 16. Ne4 Nxe4 17. Qxe4 h5 18. Qf4 Bd6 19. Qg5 Qh3 20. Qg2 Qf5 21. Re4 Rxe4 22. fxe4 Qf4 23. Kh1 Re8 {[%mdl 1024] Black has compensation.} 24. f3 Re5 25. Qg3 Qd2 {[#] Threatens to win with ...Rxe4!} (25... Qf6 $5 {[%cal Re5e4]} 26. Rg1 g6 $11) 26. Qg2 Qf4 (26... Qe3 $5 {[%cal Re5g5]} 27. Rg1 g6 $11) 27. Qg3 $1 {[%cal Rg3f4]} Qd2 {Strongly threatening ...Rxe4!} (27... Qf6 $5 {[%cal Re5e4]} 28. Rg1 g6 $11) 28. Qg2 {Accuracy: White = 68%, Black = 79%.} 1/2-1/2

[Event "WSTCC-65 2020"]
[Site "Prague"]
[Date "2020.03.08"]
[Round "3.5"]
[White "Boidman, Yuri"]
[Black "Jansa, Vlastimil"]
[Result "1/2-1/2"]
[WhiteElo "2335"]
[BlackElo "2439"]
[Annotator "TA"]
[PlyCount "35"]
[EventDate "2020.03.06"]
[EventType "team-tourn"]
[EventCountry "CZE"]
[SourceTitle "playchess.com"]
[Source "ChessBase"]
[SourceQuality "1"]

{[%evp 23,35,22,28,23,23,18,29,0,16,0,0,-8,-7,-8]} 1. e4 c5 2. Nf3 e6 3. Nc3 a6 4. g3 Nc6 5. Bg2 Nf6 6. O-O d6 7. d4 cxd4 8. Nxd4 Bd7 9. Nxc6 Bxc6 10. a4 Be7 11. a5 O-O 12. Be3 Nd7 13. Qe2 {B80: Sicilian Scheveningen: 6 g3 and 6 Be3, including English Attack.} Qc7 14. Rfd1 Rac8 15. b4 Bf6 {[#] The position is equal.} 16. Bd4 $146 ({Predecessor:} 16. Ra3 Rfd8 17. f4 Qb8 18. h3 h6 19. Kh2 Re8 20. Qd3 {½-½ (20) Jansa,V (2490)-Stocek,J (2450) Czechia 1997}) 16... Rfd8 17. Bxf6 Nxf6 18. Ra3 {An uneventful encounter.} 1/2-1/2

[Event "WSTCC-65 2020"]
[Site "Prague"]
[Date "2020.03.08"]
[Round "3.6"]
[White "Hausner, Ivan"]
[Black "Khanukov, Boris"]
[Result "1-0"]
[WhiteElo "2339"]
[BlackElo "2293"]
[Annotator "TA"]
[PlyCount "123"]
[EventDate "2020.03.06"]
[EventType "team-tourn"]
[EventCountry "CZE"]
[SourceTitle "playchess.com"]
[Source "ChessBase"]
[SourceQuality "1"]

{[%evp 22,123,65,57,57,45,34,30,56,48,37,19,38,51,50,49,53,27,57,43,79,87,72,56,102,52,88,87,91,97,118,114,228,229,231,231,232,221,243,242,311,307,363,253,328,337,343,340,353,349,333,329,366,275,266,233,381,365,489,488,488,481,481,477,468,460,431,398,376,339,775,767,1254,1037,12825,12827,12833,12833,12834,12834,12835,12833,12835,12835,12835,12836,12838,12837,12837,12837,12850,27999,12851,12851,12851,27999,12851,27999,12851,27999,12851,27998,27999,27999]} 1. d4 Nf6 2. c4 e6 3. g3 c5 4. Nf3 cxd4 5. Nxd4 Nc6 6. Bg2 Bb4+ 7. Nc3 O-O 8. O-O d5 9. cxd5 exd5 10. Bg5 Be7 11. Rc1 h6 12. Be3 Be6 {D34: Tarrasch Defence: 6 g3 Nf6 7 Bg2 Be7.} 13. Nxc6 bxc6 14. Na4 {[#]} Qd7 $146 {White has an edge.} ({Predecessor:} 14... Qa5 15. Bc5 Rfe8 16. Qd4 Bd7 17. a3 Bd8 18. e3 Ne4 19. Qd1 Bb6 20. b4 Qa6 21. Bd4 Nd6 {1-0 (68) Mihic,B (2377)-Prijovic,M (2135) Podgorica 2007}) 15. Bc5 Rfc8 16. Qd4 Bf5 17. Bxe7 Qxe7 18. e3 Rab8 19. Nc5 Rb6 20. b3 Rcb8 21. Na4 Rb4 22. Qc5 Qxc5 {White leaves nothing to chance now.} 23. Nxc5 {Threatens to win with Na6.} Bc8 24. Rfd1 Kf8 25. Rc3 Ke7 26. Rdc1 $36 {[%mdl 2048] White is in control.} Kd6 {[#]} (26... a5 $16 {keeps fighting.} 27. h4 Bb7) 27. Na6 $1 $18 {[%mdl 576] Discovered Attack, Decoy} Bxa6 28. Rxc6+ {[%mdl 64] Double Attack} Ke7 {White must now prevent ...Bb7.} 29. Rxa6 R8b7 30. Rc5 Rd7 31. Bh3 Rdb7 32. Rca5 d4 33. exd4 ({Resist} 33. Rxa7 $6 dxe3 34. fxe3 Kf8 $18) 33... Rxd4 34. Rxa7 Rd1+ 35. Kg2 Rxa7 36. Rxa7+ {[%mdl 4096] Endgame KRB-KRN} Ke8 37. Ra4 Rd2 38. Bg4 Nxg4 (38... Rb2 {is a better defense.} 39. Bf3 Ke7 40. Ra7+ Ke6) 39. Rxg4 Rxa2 40. Rxg7 {KR-KR} Kf8 41. Rg4 Rb2 42. b4 Rb3 43. Rf4 Kg7 44. h4 Kg6 45. Kf1 f5 $2 (45... Rb2 46. Ke1 f6) 46. Ke2 Kf6 47. g4 Kg7 48. Rxf5 Rxb4 49. f3 Rb3 50. Kf2 Kg6 51. Kg3 Rb4 52. Re5 Kf6 53. Ra5 Kg6 54. Ra6+ Kg7 55. g5 hxg5 56. hxg5 Rc4 57. f4 Rb4 58. Kg4 Rc4 59. Rd6 Rc5 60. Rd7+ Kg6 {[#]} 61. f5+ $1 Rxf5 62. Rd6+ {Accuracy: White = 91%, Black = 51%.} 1-0